ARRUPE JESUIT UNIVERSITY

CORONAVIRUS -STOP THE SPREAD - CLEAN,DISINFECT,COVER

Aspects of love. (Record no. 123573)

MARC details
000 -LEADER
fixed length control field 00757cam a22002771 4500
001 - CONTROL NUMBER
control field 412429
003 - CONTROL NUMBER IDENTIFIER
control field ARRUPE
005 - DATE AND TIME OF LATEST TRANSACTION
control field 20151021124439.0
008 - FIXED-LENGTH DATA ELEMENTS--GENERAL INFORMATION
fixed length control field 860204c19561955nyu 000 0 eng
010 ## - LIBRARY OF CONGRESS CONTROL NUMBER
LC control number 56005327
035 ## - SYSTEM CONTROL NUMBER
System control number (OCoLC)1181997
035 ## - SYSTEM CONTROL NUMBER
System control number (OCoLC)ocm01181997
035 ## - SYSTEM CONTROL NUMBER
System control number (CStRLIN)NYCG86-B10769
035 ## - SYSTEM CONTROL NUMBER
System control number (NNC)412429
040 ## - CATALOGING SOURCE
Transcribing agency NNC
Modifying agency NNC
050 ## - LIBRARY OF CONGRESS CALL NUMBER
Classification number PR6013.A66
Item number A9
300 ## - PHYSICAL DESCRIPTION
Dimensions 21 cm.
100 1# - MAIN ENTRY--PERSONAL NAME
Personal name Garnett, David,
Dates associated with a name 1892-1981.
9 (RLIN) 20414
245 10 - TITLE STATEMENT
Title Aspects of love.
250 ## - EDITION STATEMENT
Edition statement [1st American ed.]
260 ## - PUBLICATION, DISTRIBUTION, ETC. (IMPRINT)
Place of publication, distribution, etc Middlesex
Name of publisher, distributor, etc Penguin Books
Date of publication, distribution, etc 1959
300 ## - PHYSICAL DESCRIPTION
Extent 137p.;
500 ## - GENERAL NOTE
General note Rare Book copy: From the library of Sophie Kerr.
Institution to which field applies NNC
942 ## - ADDED ENTRY ELEMENTS (KOHA)
Source of classification or shelving scheme Library of Congress Classification
Koha item type Monograph ( Printed materials)
948 2# - LOCAL PROCESSING INFORMATION (OCLC); SERIES PART DESIGNATOR (RLIN)
Series part designator, SPT (RLIN) 20081030
b (OCLC) a
c (OCLC) ja2037
d (OCLC) SCMC
Holdings
Withdrawn status Lost status Source of classification or shelving scheme Damaged status Not for loan Collection code Home library Current library Shelving location Date acquired Total Checkouts Full call number Barcode Date last seen Price effective from Koha item type
    Library of Congress Classification     Main Collection ARRUPE LIBRARY ARRUPE LIBRARY Main Collection 21/10/2015   PR6013.A66A9 46500005653 21/10/2015 21/10/2015 Monograph ( Printed materials)

 

Arrupe Library. PO Box MP320 Mt Pleasant, Harare, Zimbabwe
263 242 745411|librarian@aju.ac.zw